The Emperor of Wine : (Record no. 615242)

MARC details
000 -LEADER
fixed length control field 00489nam a2200193 a 4500
008 - FIXED-LENGTH DATA ELEMENTS--GENERAL INFORMATION
fixed length control field 260221s2006##################000#0#eng##
020 ## - INTERNATIONAL STANDARD BOOK NUMBER
ISBN 9780060093693
082 04 - DEWEY DECIMAL CLASSIFICATION NUMBER
Classification number 338.476632
Item number MCC
100 1# - MAIN ENTRY--AUTHOR NAME
Personal name McCoy, Elin,
245 10 - TITLE STATEMENT
Title The Emperor of Wine :
260 ## - PUBLICATION, DISTRIBUTION, ETC. (IMPRINT)
Name of publisher Harper Perennial,
Year of publication 2006.
300 ## - PHYSICAL DESCRIPTION
Number of Pages 384 pages
650 #0 - SUBJECT ADDED ENTRY--TOPICAL TERM
Topical Term Cooking.
942 ## - ADDED ENTRY ELEMENTS (KOHA)
Koha item type English Books
Holdings
Withdrawn status Lost status Damaged status Not for loan Home library Current library Shelving location Date acquired Full call number Accession Number Price effective from Koha item type
        Anna Centenary Library Anna Centenary Library 4TH FLOOR, A WING 21.02.2026 338.476632 MCC 468941 21.02.2026 English Books

Find us on the map